000 00683nam a2200217 a 4500
005 20240925064436.0
008 010711s1998 mx r 000 0 spa d
020 _a9682434831
035 _aUPN01000109530
049 _aCG
050 4 _aHQ755.8
_bD5.7
245 0 0 _aDisfunciones estructurales en el nĂșcleo familiar /
_cAlejandra Kawage de Quintana... [et al.].
260 _aMéxico :
_bTrillas,
_c1998.
300 _a120 p. :
_bil.
440 0 _aEscuela para padres
650 4 _aFamilias
_xConducta de vida
_99121
650 4 _aVIDA FAMILIAR -
_xEDUCACION
_915116
650 4 _aPadres e hijos
_91360
700 1 _aKawage de Quintana, Alejandra
_ecolab.
_928821
905 _aLibro
999 _c83441
_d83441